000 00305nam a22001337a 4500
020 _a978-93-83760-69-5
082 _a894.812.3
_bGEO/A
100 _aGEORGE,BEENA
245 _aALICINTE ATHBHUTHALOKAM
260 _aTHRISSUR
_bH &C PUBLISHING HOUSE
300 _a48
650 _aSTORY
_zKERALA
942 _cBK
999 _c6947
_d6947